A Avó Genoveva (Registo nº 201386)

Detalhes MARC
000 -Etiqueta do registo
Valores 00690nam 22002173 4500
010 ## - Número ISBN
ISBN 972-766-066-5
021 ## - Número do Depósito Legal
Código do país Portugal
Número 111653/97
100 ## - Dados gerais de processamento
Dados gerais 20260319d u||y0pory50 ba
101 ## - Língua de publicação
Língua Português
200 ## - Titulo e menção de responsabilidade
Título próprio A Avó Genoveva
Primeira menção de responsabilidade Rebecca Archer
Outras menções de responsabilidade Adaptação em língua portuguesa de Impala
210 ## - Publicação
Local de publicação Queluz
Nome do editor Impala
Data de publicação 1997
215 ## - Descrição física 
Paginação / Volumes [12] p. com janelas : todo il.
Outras indicações físicas Encadernado
Dimensões 25 x 22 cm
300 ## - Notas gerais 
Texto da nota Livro com janelinhas e divertidos fantoches
606 ## - Nome comum usado como assunto
ID Autoridade 235
Palavra de ordem Literatura infantil
675 ## - CDU
Notação 087.5/ARC/AVO
Edição PT
Língua por
700 ## - Autor principal (pessoa individual)
ID Autoridade 16904
Apelido Archer
Nome Rebecca
801 ## - Fonte de origem
País PT
Agência BMMN
Regras de catalogação RPC
830 ## - Notas gerais do catalogador
Criado por Carlos Pinto
Data de criação 19-03-2026
Indexado por Carlos Pinto
990 ## - Elementos KOHA
Tipo de documento Livro
Exemplares
Situação do levantamento Biblioteca de origem Código de barras Cota Permissão de empréstimo Tipo de documento Forma de aquisição
  Biblioteca Escolar Ciborro 30708 087.5/ARC/AVO   Livro Oferta

Powered by Koha